| 000 | 01214cam a2200181 4500500 | ||
|---|---|---|---|
| 005 | 20251228095029.0 | ||
| 041 | _afre | ||
| 042 | _adc | ||
| 100 | 1 | 0 |
_aLévi, Florence _eauthor |
| 245 | 0 | 0 | _aFenêtre en trompe-l’œil (photo) |
| 260 | _c2016. | ||
| 500 | _a54 | ||
| 520 | _aProposition ludique, sous forme de quizz, concernant trois zones d’ombre portée par ses contemporains sur la vie et la mort de Jean-Jacques Rousseau, « l’homme de la vérité ». Sait-on bien aujourd’hui démêler le vrai du faux ? | ||
| 520 | _aThis text is a merry quizz on three grey areas shed by Rousseau’s contemporaries on his life and death. Are we now really able to untangle what is true and what is false in the life of this “man of truth”? | ||
| 520 | _aProposta lúdica sob forma de quizz sobre três vertentes obscuras da vida e da morte de Jean-Jacques Rousseau, “o homem da verdade”, que perturbaram os seus próprios contemporâneos e em relação às quais continua a ser problemático distinguir o verdadeiro do falso. | ||
| 786 | 0 | _nSigila | 38 | 2 | 2016-10-03 | p. 153-153 | 1286-1715 | |
| 856 | 4 | 1 | _uhttps://shs.cairn.info/revue-sigila-2016-2-page-153?lang=fr&redirect-ssocas=7080 |
| 999 |
_c1605390 _d1605390 |
||